| 000 | 00451nam a22001097a 4500 | ||
|---|---|---|---|
| 999 |
_c13436 _d13436 |
||
| 082 | _a891.439 | ||
| 100 | _aحمیر ہاشمی، محمّد اسلم انصاری، ممتاز حسین نعیم | ||
| 245 |
_a١٠٠ عہد ساز شخصیات _bروحانی، علمی، ادبی، سیاسی، سماجی اور تاریخی شخصیات کا تذکرہ |
||
| 260 |
_aلاہور _b علم و عرفان پبلشرز _c2001 |
||
| 300 | _a469 | ||
| 942 | _cBK | ||